Statistics for Countries With a Legoland Resort

Click here to take the quiz!

General Stats

  • This quiz has been taken 217 times
  • The average score is 5 of 7

Answer Stats

YearCountry% Correct
1999United States
98%
1968Denmark
93%
1996United Kingdom
90%
2002Germany
89%
2017Japan
85%
2016United Arab Emirates
37%
2012Malaysia
27%

Score Distribution

Percentile by Number Answered

Percent of People with Each Score

Your Score History

You have not taken this quiz